| 000 | 00952nam a2200253Ia 4500 | ||
|---|---|---|---|
| 003 | OSt | ||
| 005 | 20220923211429.0 | ||
| 006 | a|||||r|||| 00| 0 | ||
| 007 | ta | ||
| 008 | 220922b |||||||| |||| 00| 0 hin d | ||
| 020 |
_a97889921569 (hbk) _c250 |
||
| 024 | _a242,938 | ||
| 037 |
_b135, 17/08/2010, Eastern Book Linkers _cTextual |
||
| 040 |
_aARTS _cARTS _bhin |
||
| 041 |
_2hin _ahin |
||
| 082 | _aO15,1L09:g, 152Q0 | ||
| 100 |
_aझा, जगन्नाथ _9158158 |
||
| 245 | 0 | _aमहामहोपाध्याय गोकुलनाथ और उनका रसमहार्णव | |
| 246 | _ahināhinopādhyāya gokulanāth aur unakā rasahinārṇava | ||
| 260 |
_aवाराणसी _b कला प्रकाशन _c2010 |
||
| 300 |
_a96पृ. _ccm. |
||
| 942 |
_hO15,1L09:g, 152Q0 _cTEXL _2CC |
||
| 999 |
_c299359 _d299359 |
||